000 00682nam a22001817a 4500
003 OSt
005 20260227154410.0
008 240613b ||||| |||| 00| 0 eng d
040 _cAIMIT LIBRARY
100 _aMonteiro, Anisha.
_e2116018
_9170364
245 _aStudy on the impact of employee motivation and engagement on employees performance with reference to Mandovi Pvt Ltd /
_cBy Anish Monteiro ; Guided by Rowena Wright.
260 _aMangalore
_c2023
650 _aLiterature review
_9170365
650 _aStatement of the problem
_9170366
700 _aWright, Rowena.
_eGuide
_9170367
856 _3Mandovi Motors Private Limited
_ywww.mandovimotors.in
942 _2ddc
_cPRO
999 _c231144
_d231144